000 00330nam a2200133Ia 4500
008 191206s9999 xx 000 0 und d
020 _a9.78193E+12
090 _aPR6057.R2
245 0 _aMurder at Madingley Grange
260 _aFelony & Mayhem Press
260 _cc2009
300 _a290 p. ; 20 cm.
999 _c16527
_d16527